| 000 | 00364nam a2200145Ia 4500 | ||
|---|---|---|---|
| 008 | 230917s9999||||xx |||||||||||||| ||und|| | ||
| 040 |
_e134565 _aMAIN |
||
| 041 | _aEnglish | ||
| 082 | _a301.045 A67M | ||
| 100 | _aAron, Raymond | ||
| 245 | 0 | _aMain currents in sociological thought | |
| 260 |
_aNew York _bPenguin Books _c1965 |
||
| 300 | _a270 p. | ||
| 942 | _cBK | ||
| 999 |
_c143194 _d143194 |
||